Statistics for Countries Bordering Kazakhstan - Map Quiz

Click here to take the quiz!

General Stats

  • This quiz has been taken 553 times
  • The average score is 5 of 5

Answers on the Map

Answers color-coded by a green-red scale on the quiz's map according to % correct below.
 

Answer Stats

Answer% Correct
Russia
97%
China
96%
Kyrgyzstan
94%
Turkmenistan
92%
Uzbekistan
89%

Score Distribution

Percentile by Number Answered

Percent of People with Each Score

Your Score History

You have not taken this quiz